Statistics for Ligue 1 2016-17 - Day 2 Scorers

Click here to take the quiz!

General Stats

  • This quiz has been taken 24 times
  • The average score is 6 of 21

Answer Stats

HintyAnswer% Correct
LyonAlexandre Lacazette
93%
Paris SGLucas Moura
60%
MarseilleFlorian Thauvin
53%
ToulouseMartin Braithwaite
53%
Paris SGLayvin Kurzawa
47%
BastiaEnzo Crivelli
40%
NiceAlassane Pléa
33%
RennesYoann Gourcuff
33%
BastiaAllan Saint-Maximin
27%
Saint-EtienneRobert Beric
27%
LilleYounousse Sankharé
27%
RennesGiovani Sio
20%
Saint-EtienneKevin Monnet-Paquet
20%
GuingampYannis Salibur
20%
ToulouseChristopher Jullien
13%
Saint-EtienneDylan Saint-Louis
13%
MonacoGabriel Boschilia
13%
BordeauxIsaac Kiese Thelin
7%
ToulouseIssa Diop
7%
MontpellierSteve Mounié
7%
GuingampJérémy Sorbon
0%

Score Distribution

Percentile by Number Answered

Percent of People with Each Score

Your Score History

You have not taken this quiz